00645nam a2200217 a 4500001001300000003000900013005001700022008004100039020000800080082001800088245007200106260004300178300000900221500003500230505001000265710002600275902000800301942000700309952009600316999001500412nice12345678IN_TiNIC20260116011502.0050524s1942 newa grp 000 0 eng  ac000a954.0359bHIN aIndia Unreconciliedb Documented History of Indian Political Events aNew DelhibHindustan Times Pressc1942 a487p aincludes index and biblioraphy2 aIndex2 aHindustan Times Press bSRS cBK 00104070aHMIbHMId2005-05-24g0.00l0o954.0359 HINp01938r2005-05-24w2026-01-16yEB c1952d1952